000 00301nam a22001337a 4500
008 171003b xxu||||| |||| 00| 0 eng d
020 _a9780536103673
041 _aeng
080 _a159.9
100 _a48
101 _aPSI
245 _aINTRODUCTION TO PSYCHOLOGY
_cZIMBARDO,P.G
942 _2udc
_cBK
999 _c31493
_d31493